Catálogo comercial hispanoamericano y de los países árabes. (Record no. 43759)

MARC details
000 -LEADER
campo de control de longitud fija 00590nam a2200181 i 4500
001 - NÚMERO DE CONTROL
campo de control 43759
003 - IDENTIFICADOR DE NÚMERO DE CONTROL
campo de control ES-MaACL
005 - FECHA Y HORA DE LA ÚLTIMA TRANSACCIÓN
campo de control 20230906160853.0
007 - CAMPO FIJO DE DESCRIPCIÓN FÍSICA--INFORMACIÓN GENERAL
campo de control de longitud fija t|
008 - DATOS DE LONGITUD FIJA--INFORMACIÓN GENERAL
campo de control de longitud fija 030318m19551959sp |||| | spa d
245 00 - MENCIÓN DEL TÍTULO
Título Catálogo comercial hispanoamericano y de los países árabes.
246 30 - FORMA VARIANTE DEL TITULO
Título propio/Titulo breve Ibar
260 ## - PUBLICACIÓN, DISTRIBUCIÓN, ETC.
Lugar de publicación, distribución, etc. [Madrid] :
Nombre del editor, distribuidor, etc. Oficina informativa de comercio exterior,
Fecha de publicación, distribución, etc. 1955-1959.
300 ## - DESCRIPCIÓN FÍSICA
Extensión 3 v. ;
Dimensiones 20 cm.
505 8# - NOTA DE CONTENIDO CON FORMATO
Nota de contenido con formato Contiene: I: Año 1955-56 - II: Año 1956-57-58 (faltan) - III: 1958-59
650 #4 - PUNTO DE ACCESO ADICIONAL DE MATERIA--TÉRMINO DE MATERIA
Término de materia o nombre geográfico como elemento de entrada Empresas-
Subdivisión geográfica España-
Subdivisión de forma Directorios.
9 (RLIN) 154437
852 ## - LOCALIZACIÓN
Ubicación ES-MaACL
Número de control de estantería C-33377-79
Holdings
Estatus retirado Estado de pérdida Estado de daño No para préstamo Biblioteca de origen Biblioteca actual Ubicación en estantería Fecha de adquisición Fuente de adquisición Total de préstamos Signatura topográfica completa Código de barras Visto por última vez Precio de reemplazo Tipo de ítem Koha
        Biblioteca del Ateneo de Madrid Biblioteca del Ateneo de Madrid Depósito 2 17/01/2008     C-33377-79 1046063 23/02/2023 23/02/2023 Libro impreso